Chinese Cities in English - Statistics

General Stats
  • This quiz has been taken 13 times
  • The average score is 7 of 15
Answer Stats
Hint Answer % Correct
Northern Capital Beijing
100%
Southern Capital Nanjing
92%
Upon the sea Shanghai
92%
Western Peace Xi'an
58%
South of the Ji (river) Jinan
50%
Shi Family's Village Shijiazhuang
42%
Heavenly Ford Tianjin
42%
Long Sands Changsha
33%
Long Spring Changchun
25%
Buddha Mountain Foshan
25%
Deep Ditch Shenzhen
25%
Mansion Gate Xiamen
25%
Serene Wave Ningbo
17%
Great Plain Taiyuan
17%
Smoke Tower Yantai
17%
No matching quizzes found
Score Distribution
Percent of People with Each Score
Percentile by Number Answered
Your Score History
You have not taken this quiz